000 00732nam a22001817a 4500
003 OSt
005 20260204021607.0
008 260204b |||||||| |||| 00| 0 eng d
020 _a 978-971-9645-50-4
040 _aDWC-Main lib
_cOC
082 _aFil. 349.28 B928o 2018
100 _aBuenaflor, Roberto C.
245 _a Outcome-based learning manual on the labor code of the Philippines:
_bthe labor standard and labor relations ( with recent supreme court rulings and related social legislation)/
_cRoberto C. Buenaflor
260 _aQuezon City, Philippines:
_bGreat book trading,
_c c2018.
300 _axviii, 548 pages:
_b illustrations;
_c 28cm.
650 _a1. Labor laws- Philippines
942 _2ddc
_cBK - FIL
_kFil.
_n0
999 _c8242
_d8242